Alzheimerov spevník [k oslavám a jubileám]

Bibliographic Details
Other Authors: Köszeghy, Miloslav (Compiler)
Format: Book
Language:Slovak
Czech
PhysicalDescription:319 s. 21 cm
Published: Trnava Vydavateľstvo TŠ 2006
ISBN:8096944347 (brož.)
Edition:1. vyd.
Subjects:

MARC

LEADER 00000nam a2200000 a 4500
001 vtls008984284
003 SK-MaSNL
005 20260302042801.0
008 160610s2006 xo f f 000 0 slo
015 |a SNBA2007/08-03606 
020 |a 8096944347 (brož.) 
035 |a 66497A1E-D275-42D0-8AA0-3126124F28BD 
035 |a urn:nbn:sk:snk-amlahn 
035 |a urn:nbn:sk:snk-am009394 
040 |a SNK  |b slo  |c SNK  |e AACR2 
041 0 |a slo  |a cze 
044 |a xo  |c SK 
072 7 |a 394  |x Verejný a spoločenský život. Každodenný život  |2 konspekt 
080 |a 394.46  |2 2001 
080 |a 82-192  |2 2001 
080 |a (0:82-192)  |2 2001 
245 0 0 |a Alzheimerov spevník  |b [k oslavám a jubileám]  |c [spevník zostavil: Miloslav Köszeghy] 
250 |a 1. vyd. 
260 |a Trnava  |b Vydavateľstvo TŠ  |c 2006 
300 |a 319 s.  |c 21 cm 
546 |a Čiast. text čes. 
650 0 7 |a piesňové texty  |2 SNKPH  |9 81653 
650 0 7 |a výročia a významné udalosti  |2 SNKPH  |9 16069 
655 7 |a spevníky  |2 SNKPH  |9 70506 
700 1 |a Köszeghy, Miloslav  |4 com  |9 404494 
919 |a 80-969443-4-7 
958 |a OND 
968 |d 82 
999 |c 1084092  |d 1086022 
952 |a SNK  |b SNK  |y PREZ  |7 0  |p 17A0550864  |o snkSC 127678  |i snk2007/11185  |8 0  |0 0  |1 0  |4 0  |d 2007-04-26  |f 1  |l 0  |r 2025-06-16 00:00:00  |w 2026-02-24 
952 |a SNK  |b SNK  |y VYP  |7 0  |p 17A0550872  |o snkSC 127678 D1  |i snk2007/11187  |8 0  |0 0  |1 0  |4 0  |d 2007-04-26  |l 0  |r 2026-02-24 16:35:53  |w 2026-02-24